Music Quiz

Random Music or Lyrics Quiz
Score 0/174 Timer 05:00
1 Play Today
% Correct
hurts
96.5%
hurts
96.5%
hurts
96.5%
hurts
96.5%
hurts
96.5%
hurts
96.5%
hurts
96.5%
everybody
96.5%
everybody
96.5%
Everybody
96.5%
Everybody
96.5%
everybody
96.5%
Everybody
96.5%
Everybody
96.5%
everybody
96.5%
Everybody
96.5%
you
88.3%
you
88.3%
you
88.3%
you
88.3%
you
88.3%
the
85.6%
the
85.6%
The
85.6%
So
85.6%
And
84.7%
And
84.7%
and
84.7%
And
84.7%
And
84.7%
sometimes
84.2%
Sometimes
84.2%
sometimes
84.2%
sometimes
84.2%
sometimes
84.2%
is
79.1%
is
79.1%
is
79.1%
is
79.1%
on
78.8%
When
77.7%
When
77.7%
When
77.7%
When
77.7%
on
77.6%
on
77%
On
77%
On
77%
On
77%
on
77%
on
77%
on
77%
on
77%
on
77%
on
77%
on
77%
on
77%
on
77%
% Correct
on
77%
on.
76.9%
your
76.9%
your
76.9%
your
76.9%
your
76.9%
your
76.9%
your
76.9%
to
71.3%
to
71.3%
go
68.7%
go
68.7%
cries
68.1%
cries
68.1%
are
65.8%
day
64.4%
day
64.4%
in
63.2%
in
63.2%
hold
62.1%
hold
61.5%
Of
61.2%
Of
61.2%
of
61.2%
night
60.6%
night
60.6%
night
60.6%
hold
59.7%
this
58.7%
this
58.7%
this
58.7%
this
58.7%
Hold
58.7%
Hold
58.7%
Hold
58.7%
hold
58.7%
hold
58.7%
hold
58.7%
hold
58.7%
hold
58.7%
hold
58.7%
hold
58.7%
no
58.5%
No
58.5%
no
58.5%
no
58.5%
life
57.9%
life
57.9%
life
57.9%
life
57.9%
alone
57.8%
alone
57.8%
alone
57.8%
alone
57.8%
long
55.4%
long
55.4%
had
54.7%
had
54.7%
% Correct
had
54.7%
too
53.7%
too
53.7%
you're
53.5%
you're
53.5%
you're
53.5%
Don't
53.4%
Don't
53.4%
Don't
53.4%
you've
52.6%
you've
52.6%
you've
52.6%
yours
51.3%
'Cause
51.1%
'Cause
51.1%
let
51.1%
feel
50.2%
feel
50.2%
enough
49.1%
If
48%
If
48%
If
48%
If
48%
think
47.3%
think
47.3%
not
47%
much
45.7%
much
45.7%
it's
44.4%
time
42.5%
like
42.3%
like
42.3%
are
42.1%
hang
41.4%
hang
41.4%
hang
41.4%
yourself
40%
everything
33.8%
wrong
33.3%
sure
32.8%
Take
32.6%
own
32.3%
well
31.3%
well
31.3%
Well
31.3%
Now
30.2%
comfort
29.5%
letting
28.6%
hand
28.1%
hand
28.1%
along
27.8%
oh
27.5%
sing
26.7%
friends
26.5%
days
23.7%
nights
22.9%
throw
21.4%
throw
21.4%
Remove Ads.
Support Sporcle.
Get the best of Sporcle when you Go Orange. This ad-free experience offers more features, more stats, and more fun while also helping to support Sporcle. Thank you for becoming a member.

You're not logged in!

Compare scores with friends on all Sporcle quizzes.
OR
Log In

Show Comments

Extras

Top Quizzes Today


Score Distribution

Your Account Isn't Verified!

In order to create a playlist on Sporcle, you need to verify the email address you used during registration. Go to your Sporcle Settings to finish the process.

Report this User

Report this user for behavior that violates our Community Guidelines.

Details: